000 01650cam a22004574i 4500
003 PE-LiUPU
005 20250731173142.0
008 150623s1998 wau r 000 0 eng d
020 _a1889638005
020 _a9781889638003
035 _a(Sirsi) i9781889638003
040 _aPE-LiUPU
_bspa
_cPE-LiUPU
_erda
049 _aPRUA
082 0 4 _a254.5
_bS411n
_223
100 1 0 _aSchwarz, Christian A.,
_d1960,
_eautor.
245 1 0 _aNatural church development :
_ba guide to eight essential qualities of healthy churches /
_cChristian A. Schwarz.
264 1 _aWashington :
_bChurchsmart Resource,
_c1998.
300 _a128 páginas :
_bilustraciones ;
_c24 centímetros
336 _atext
_2rdacontent
337 _aunmediated
_2rdamedia
338 _avolume
_2rdacarrier
505 0 _aEight quality characteristics -- The minimun factor. Six biotic principles A new paradigm -- Ten action steps.
526 _aSEG42
526 _aSEG41
526 _aSEG40
526 _aSEG39
526 _aP94
526 _aP87
526 _aP86
526 _aP85
526 _aP77
526 _aP76
526 _aP35
650 0 4 _aCrecimiento de iglesia.
942 _2ddc
_cBK
_n0
949 _a254.5
_wDEWEY
_c1
_i52934
_lCCODEBUL1
_mBUL
_r0
_sY
_tBOOK
_u2015-6-24
_xTEOLOGIA
_0COMPRA
_o.STAFF. Colección Teología
949 _a254.5
_wDEWEY
_c2
_i54229
_lCCODEBUL1
_mBUL
_p16.00
_r0
_sY
_tBOOK
_u2015-6-24
_xTEOLOGIA
_0COMPRA
_o.STAFF. Colección Teología
980 _81
_gALBERTO SANCHEZ Responsable de Automatización
999 _c34796
_d34796